Homenaje al INE en la IX Reunión de la Asociación Científica Europea de Economía Aplicada (ASEPELT-España) (Registro nro. 6860)
[ vista simple ]
| 000 -CABECERA | |
|---|---|
| Longitud fija campo de control | 01059nam a2200277 c 4500 |
| 001 - NÚMERO DE CONTROL | |
| Número de control | 6860 |
| 003 - IDENTIFICADOR DE NÚMERO DE CONTROL | |
| Identificador del número de control | ES-MaCES |
| 005 - FECHA Y HORA DE LA ÚLTIMA TRANSACCIÓN | |
| Fecha y hora de la última transacción | 20141221121851.0 |
| 008 - CAMPO FIJO DE DESCRIPCIÓN FIJA--INFORMACIÓN GENERAL | |
| Códigos de información de longitud fija | 980513s1995 sp o ||| | spa d |
| 035 ## - NÚMERO DE CONTROL DEL SISTEMA | |
| Número de control del sistema | CES19980069252m |
| 040 ## - FUENTE DE CATALOGACIÓN | |
| Centro catalogador de origen | ES-MaCES |
| Lengua de catalogación | spa |
| Centro transcriptor | ES-MaCES |
| 110 2# - ENCABEZAMIENTO PRINCIPAL--NOMBRE CORPORATIVO | |
| Nombre de entidad corporativa o nombre de jurisdicción como elemento inicial | Asociación Científica de Economía Aplicada |
| Unidad subordinada | Reunión |
| Número del congreso o número de parte o sección de la obra | 9ª |
| Fecha del congreso o de la firma de un tratado | 1995 |
| Sede del congreso | Santiago de Compostela |
| 9 (RLIN) | 1390 |
| 245 10 - MENCIÓN DE TÍTULO | |
| Título | Homenaje al INE en la IX Reunión de la Asociación Científica Europea de Economía Aplicada (ASEPELT-España) |
| Resto del título | : Santiago de Compostela, 22 y 23 de junio de 1995 |
| 260 ## - PUBLICACIÓN, DISTRIBUCIÓN, ETC (PIE DE IMPRENTA) | |
| Lugar de publicación, distribución, etc. | [Madrid] |
| Nombre del editor, distribuidor, etc. | INE |
| Fecha de publicación, distribución, etc. | [1995?] |
| 300 ## - DESCRIPCIÓN FÍSICA | |
| Extensión | 15 p. |
| Otras características físicas | fot. bl. y n. |
| Dimensiones | 21 cm |
| 541 ## - NOTA DE LA FUENTE INMEDIANTE DE ADQUISICIÓN | |
| Forma de adquisición | Gratuito |
| 610 24 - ASIENTO SECUNDARIO DE MATERIA--NOMBRE CORPORATIVO | |
| Nombre de entidad corporativa o nombre de jurisdicción como elemento inicial | Instituto Nacional de Estadística (España) |
| 9 (RLIN) | 4273 |
| 650 #4 - ASIENTO SECUNDARIO DE MATERIA--TÉRMINO DE MATERIA | |
| Término de materia o nombre geográfico como elemento inicial | datos estadísticos |
| 9 (RLIN) | 30765 |
| 650 #4 - ASIENTO SECUNDARIO DE MATERIA--TÉRMINO DE MATERIA | |
| Término de materia o nombre geográfico como elemento inicial | análisis estadístico |
| 9 (RLIN) | 28889 |
| 650 #4 - ASIENTO SECUNDARIO DE MATERIA--TÉRMINO DE MATERIA | |
| Término de materia o nombre geográfico como elemento inicial | conferencia |
| 9 (RLIN) | 27013 |
| 653 10 - TÉRMINO DE INDEXACIÓN--NO CONTROLADO | |
| Término no controlado | Estadísticas |
| 710 2# - ENCABEZAMIENTO SECUNDARIO--NOMBRE CORPORATIVO | |
| Nombre de entidad o nombre de jurisdicción como elemento inicial | Instituto Nacional de Estadística (España) |
| Término indicativo de función | ed. |
| 9 (RLIN) | 4273 |
| 902 ## - CES. TIPO DE DOCUMENTO | |
| Tipodoc (006$c Sirtex) | DOC Literatura gris |
| 942 ## - ELEMENTOS KOHA | |
| Fuente de clasificaión o esquema | Clasificación propia del CES |
| Koha [por defecto] tipo de item | Monografías |
| Parte de clasificación | 8.0. |
| Número de registro | Signatura completa | Tipo de item de Koha |
|---|---|---|
| 025392 | DOC-8.0.-10 | Monografías |
